00478nam a2200169Ia 4500100001900000650000700019942000700026366000700033654000700040245002200047260002700069082001500096300000800111546002400119999001700143952014800160 aDoyle/Barbara  aC# cBK f25 aC# aProgramming in C# bCengage Learningc2008 a5.133bDOY a759 aENGLISHcPAMPHALETS c19996d19996 001040708CRCaCRCEbCRCEd2023-03-17eDharma Enterprisesg371.25i523 dt 29/04/2010l0o5.133 DOYp20562r2023-03-17v495.00w0000-00-00yBK